=LDR 00000nam 2200000 4500 =001 INLIS000000000062527 =005 20240521080935 =035 ##$$a 0010-0823000190 =007 ta =008 230821###########################0#ind## =100 #$$a Abdul Muiz Khothob =245 1#$$a Wanita-Wanita Penghuni Neraka /$c Abdul Muiz Khothob =250 ##$$a cet 8 =300 ##$$a x, 102 halaman ; $c 18 cm =020 ##$$a 978-979-953314-7 =041 ##$$a ind =082 ##$$a 297.43 =084 ##$$a 297.43 ABD w =264 ##$$a Jakarta :$b Akbar,$c 2008 =336 ##$$a teks$2 rdacontent =337 ##$$a tanpa perantara$2 rdamedia =338 ##$$a volume$2 rdacarrier =650 #4$$a Wanita Dalam Islam =990 ##$$a 5202300718